Statistics for Football Bacon Puzzle: Easy

Click here to take the quiz!

General Stats

  • This quiz has been taken 1,331 times
    (1,330 since last reset)
  • The average score is 4 of 10

Answer Stats

Team Player % Correct
Manchester UnitedCristiano Ronaldo
87%
ChelseaAshley Cole
52%
LiverpoolFernando Torres
52%
Real MadridGareth Bale
44%
SouthamptonTheo Walcott
43%
Stoke CityCharlie Adam
33%
Sporting LisbonMichael Owen
31%
Newcastle UnitedJoey Barton
19%
Aston VillaPeter Schmeichel
3%
Queens Park RangersJermaine Jenas
3%

Score Distribution

Percentile by Number Answered

Percent of People with Each Score

Your Score History

You have not taken this quiz since the last reset